000 00555nam a22001697a 4500
003 OSt
005 20260129103941.0
008 260129b |||||||| |||| 00| 0 eng d
040 _cMRSPTU
041 _aEnglish
100 _aMurari Lal Mutneja, Supervisor: Dr. Sanjiv Aggarwal
245 _aEffect of Replacing Fine Aggregate with Pond ASH on Properties of Concrete
260 _bDepartment of Civil Engg. MRSPTU, Bathinda
_c2014
650 _aCivil Engineering
856 _uhttp://163.47.215.52:8080/jspui/handle/123456789/979
942 _2ddc
_cTH
_n0
999 _c10785
_d10785